000
00325nam a2200145Ia 4500
008
230312s9999||||xx |||||||||||||| ||und||
082
_a
320
_b
MUH
100
_a
Ghulam Muhammad
245
0
_a
Shahrah e Siasat
260
_b
Fahad Publisher
_a
Pakistan
300
_a
535
546
_a
Urdu
650
_a
Literature
942
_c
BK
999
_c
5979
_d
5979